000 00965cab a2200325 4500
001 ABS59119
008 090401t1998 xxu||||| |||| 00| 0 eng d
035 _a(Sirsi) u87844
041 _aeng
100 _aSimpkins, E.
245 _aGreen light for White Paper
260 _c1998
350 _a0
490 _aEstates Gazette
_v(9830) 25 July 1998, 54-56(3)
520 _aDiscusses the main points of the Transport White Paper and considers the implications for the property industry. Includes comments from industry representatives.
650 _aCAR USE
650 _aHIGHWAYS AGENCY
650 _aLOCAL TRANSPORT PLANS
650 _aOUT-OF-TOWN DEVELOPMENTS
650 _aPLANNING
650 _aPROPERTY INDUSTRY
650 _aPUBLIC TRANSPORT
650 _aRAILWAY LAND
650 _aTAXATION
650 _aWORKPLACE PARKING
690 _aTRANSPORT AND COMMUNICATION
700 _aHowarth, A.
942 _n0
948 _c05/08/1998
999 _c55443
_d55443